[Event "Edmonton-ch Reserves"]
[Site "Edmonton"]
[Date "2009.01.29"]
[Round "4"]
[White "Amasaib, Magdi"]
[Black "Schech, Roland"]
[Result "1-0"]
[WhiteElo "1840"]
[BlackElo "1664"]
[PlyCount "83"]
[EventDate "2009.01.08"]
[EventType "swiss"]
[EventRounds "7"]
[EventCountry "CAN"]
[SourceTitle "EXT 2011"]
[Source "ChessBase"]
[SourceDate "2010.11.26"]
[SourceVersion "1"]
[SourceVersionDate "2010.11.26"]
[SourceQuality "1"]

1. e4 Nf6 2. Nc3 d6 3. d4 Nc6 4. Bb5 a6 5. Ba4 b5 6. Bb3 Na5 7. a3 Nxb3 8. cxb3 b4 9. e5 bxc3 10. exf6 cxb2 11. Bxb2 exf6 12. Ne2 g6 13. 0-0 Bg7 14. Rc1 0-0 15. Nf4 Bb7 16. Re1 f5 17. f3 Bh6 18. g3 Bg7 19. Rc2 Qd7 20. Qc1 c5 21. d5 Bxb2 22. Qxb2 a5 23. Qf6 Rae8 24. Rce2 Rxe2 25. Rxe2 Re8 26. Rxe8+ Qxe8 27. Kf2 Qe5 28. Qxe5 dxe5 29. d6 Bc6 30. Nd3 e4 31. Nxc5 exf3 32. d7 Bxd7 33. Nxd7 f6 34. Nxf6+ Kg7 35. Nd5 Kf7 36. Kxf3 Ke6 37. Nb6 g5 38. Nc4 a4 39. bxa4 Kd5 40. Ne3+ Kc5 41. Nxf5 h5 42. Ng7 1-0

[Event "Edmonton-ch"]
[Site "Edmonton"]
[Date "2009.01.08"]
[Round "1"]
[White "Hughey, Micah"]
[Black "Amasaib, Magdi"]
[Result "1-0"]
[WhiteElo "2152"]
[BlackElo "1840"]
[PlyCount "67"]
[EventDate "2009.01.08"]
[EventType "k.o."]
[EventRounds "3"]
[EventCountry "CAN"]
[SourceTitle "EXT 2011"]
[Source "ChessBase"]
[SourceDate "2010.11.26"]
[SourceVersion "1"]
[SourceVersionDate "2010.11.26"]
[SourceQuality "1"]

1. e4 e5 2. Nf3 Nc6 3. Bc4 Bc5 4. b4 Bxb4 5. c3 Bc5 6. d4 exd4 7. 0-0 Nge7 8. cxd4 Bb6 9. Ng5 d5 10. exd5 Na5 11. d6 Nxc4 12. dxe7 Qxd4 13. Nd2 Bg4 14. Qa4+ c6 15. Nxc4 Be2 16. Nxb6 Qxa4 17. Nxa4 Bxf1 18. Kxf1 Kxe7 19. Ba3+ Kf6 20. Ne4+ Ke5 21. Re1 Kd5 22. Nd6 b5 23. Rd1+ Ke6 24. Nc5+ Kf6 25. Nce4+ Kg6 26. Rc1 a5 27. Rxc6 b4 28. Bb2 f6 29. f4 h6 30. f5+ Kh7 31. Rc7 Rhf8 32. Nxf6+ Kh8 33. Ng4 Rfb8 34. Rxg7 1-0

[Event "Edmonton Halloween op"]
[Site "Edmonton"]
[Date "2007.10.25"]
[Round "4"]
[White "Amasaib, Magdi"]
[Black "Seehagen, Terry"]
[Result "1-0"]
[WhiteElo "1869"]
[BlackElo "1666"]
[PlyCount "38"]
[EventDate "2007.10.04"]
[EventType "swiss"]
[EventRounds "4"]
[EventCountry "CAN"]
[SourceTitle "EXT 2022"]
[Source "ChessBase"]
[SourceDate "2021.10.06"]
[SourceVersion "1"]
[SourceVersionDate "2021.10.06"]
[SourceQuality "1"]

1. e4 d5 2. exd5 Nf6 3. c4 c6 4. dxc6 Nxc6 5. Nf3 e5 6. d3 Bc5 7. Bg5 Qb6 8. Qc2 Ng4 9. h3 Bxf2+ 10. Kd1 Ne3+ 11. Bxe3 Bxe3 12. Nc3 Nb4 13. Qe2 e4 14. Nxe4 Bf5 15. c5 0-0-0 16. Qxe3 Rhe8 17. cxb6 Bxe4 18. Qc5+ Nc6 19. bxa7 Kc7 1-0

[Event "Edmonton Halloween op"]
[Site "Edmonton"]
[Date "2007.10.04"]
[Round "1"]
[White "Bae, Torstein"]
[Black "Amasaib, Magdi"]
[Result "1-0"]
[WhiteElo "2383"]
[BlackElo "1868"]
[PlyCount "43"]
[EventDate "2007.10.04"]
[EventType "swiss"]
[EventRounds "4"]
[EventCountry "CAN"]
[SourceTitle "EXT 2022"]
[Source "ChessBase"]
[SourceDate "2021.10.06"]
[SourceVersion "1"]
[SourceVersionDate "2021.10.06"]
[SourceQuality "1"]

1. e4 e5 2. Nf3 Nc6 3. Bb5 d6 4. d4 exd4 5. Qxd4 Bd7 6. Bxc6 Bxc6 7. Nc3 Nf6 8. b3 Be7 9. Bb2 Qd7 10. 0-0-0 b6 11. e5 Bxf3 12. exf6 Bxf6 13. Qe3+ Be7 14. Qxf3 0-0 15. Nd5 Bg5+ 16. Kb1 c6 17. h4 cxd5 18. hxg5 Qe6 19. Rxh7 Kxh7 20. Qh5+ Kg8 21. Rh1 f5 22. g6 1-0